书目信息 |
| 题名: |
重温四时八节
|
|
| 作者: | 马芳 主编 ;肖丽 , 马丙 编著 | |
| 分册: | 春节 | |
| 出版信息: | 长沙 湖南美术出版社 2018 |
|
| 页数: | 103页 | |
| 开本: | 24cm | |
| 丛书名: | ||
| 单 册: | ||
| 中图分类: | K892.1 , K892.18 | |
| 科图分类: | ||
| 主题词: | 节日--风俗习惯--中国 , 春节--风俗习惯--中国 | |
| 电子资源: | ||
| ISBN: | 978-7-5356-8537-7 | |
| 000 | 00821nam0 2200265 450 | |
| 001 | 2357588521 | |
| 005 | 20231124162854.02 | |
| 010 | @a978-7-5356-8537-7@dCNY29.80 | |
| 100 | @a20201126e20202018em y0chiy50 ea | |
| 101 | 0 | @achi |
| 102 | @aCN@b430000 | |
| 105 | @aa z 000yy | |
| 200 | 1 | @a重温四时八节@9chong wen si shi ba jie@i春节@f马芳主编@g马丙绘 |
| 210 | @a长沙@c湖南美术出版社@d2018@h2020重印 | |
| 215 | @a103页@c彩图@d24cm | |
| 330 | @a本书介绍春节的来源、南北民俗民风、相关诗词印痕以及与之相关的重要节日和节气。 | |
| 606 | 0 | @a节日@x风俗习惯@y中国 |
| 606 | 0 | @a春节@x风俗习惯@y中国 |
| 690 | @aK892.1@v5 | |
| 690 | @aK892.18@v5 | |
| 701 | 0 | @a马芳@9ma fang@4主编@4编著 |
| 702 | 0 | @a肖丽@9xiao li@4编著 |
| 702 | 0 | @a马丙@9ma bing@4绘 |
| 801 | 0 | @aCN@b91MARC@c20210403 |
| 905 | @aBZT@dK892.1@e44:3 | |
| 重温四时八节.春节/马芳主编/马丙绘.-长沙:湖南美术出版社,2018(2020重印) |
| 103页:彩图;24cm |
| ISBN 978-7-5356-8537-7:CNY29.80 |
| 本书介绍春节的来源、南北民俗民风、相关诗词印痕以及与之相关的重要节日和节气。 |
| ● |
| 相关链接 |
|
|
|
正题名:重温四时八节
索取号:K892.1/44:3
 
预约/预借
| 序号 | 登录号 | 条形码 | 馆藏地/架位号 | 状态 | 备注 |
| 1 | 2001044909 | 2001044909 | 中教第一批/山东中教(第二书库)/677/ [索取号:K892.1/44:3] | 在馆 | |
| 2 | 2001044910 | 2001044910 | 中教第一批/山东中教(第二书库)/677/ [索取号:K892.1/44:3] | 在馆 | |
| 3 | 2001044911 | 2001044911 | 中教第一批/山东中教(第二书库)/677/ [索取号:K892.1/44:3] | 在馆 | |
| 4 | 2001044912 | 2001044912 | 中教第一批/山东中教(第二书库)/677/ [索取号:K892.1/44:3] | 在馆 | |
| 5 | 2001044913 | 2001044913 | 中教第一批/山东中教(第二书库)/677/ [索取号:K892.1/44:3] | 在馆 | |
| 6 | 2001044914 | 2001044914 | 中教第一批/山东中教(第二书库)/677/ [索取号:K892.1/44:3] | 在馆 |